10 najlepszych stanów USA pod względem energii słonecznej - Statystyki

Ogólne statystyki
  • Ten quiz został rozwiązany 6 razy
  • Średni wynik to 5 z 10
Statystyki odpowiedzi
Megawaty Stan % Poprawnych
46 874 Kalifornia
100%
13 912 Floryda
80%
22 872 Teksas
80%
7 675 Arizona
60%
6 382 Nevada
60%
5 913 Georgia
40%
9 310 Karolina Północna
40%
5 560 Nowy Jork
20%
5 070 Massachusetts
0%
5 276 New Jersey
0%
Nie znaleziono quizów pasujących do podanych kryteriów
Rozkład punktacji
Procent ludzi z każdym wynikiem
Percentyl według liczby udzielonych odpowiedzi
Twoja historia wyników
Nie rozwiązałeś tego quizu